Modeling and simulation of dynamic system (Record no. 612208)

000 -LEADER
fixed length control field 00389nam a22001337a 4500
020 ## - INTERNATIONAL STANDARD BOOK NUMBER
International Standard Book Number 9780133373790
040 ## - CATALOGING SOURCE
Transcribing agency Nust
082 ## - DEWEY DECIMAL CLASSIFICATION NUMBER
Classification number 620.0011
Author Mark WOO'M
100 ## - MAIN ENTRY--PERSONAL NAME
Personal name Robert L Woods
9 (RLIN) 126606
245 ## - TITLE STATEMENT
Title Modeling and simulation of dynamic system
260 ## - PUBLICATION, DISTRIBUTION, ETC.
Place of publication, distribution, etc. New Jersey:
Name of publisher, distributor, etc. Prentice Hall of India:
Date of publication, distribution, etc. 1997.
650 ## - SUBJECT ADDED ENTRY--TOPICAL TERM
Topical term or geographic name entry element Modeling and simulation of dynamic system
9 (RLIN) 126607
942 ## - ADDED ENTRY ELEMENTS (KOHA)
Source of classification or shelving scheme
Koha item type Book
Holdings
Withdrawn status Lost status Source of classification or shelving scheme Damaged status Not for loan Permanent Location Current Location Shelving location Date acquired Total Checkouts Total Renewals Full call number Barcode Checked out Date last seen Date last checked out Price effective from Koha item type Public note
          College of Electrical & Mechanical Engineering (CEME) College of Electrical & Mechanical Engineering (CEME) General Stacks 10/30/2024 1 1 620.0011 WOO'M CEME- 31237 03/29/2026 01/23/2026 01/23/2026 10/30/2024 Book 4.0
© 2023 Central Library, National University of Sciences and Technology. All Rights Reserved.